[Event "DSOL 04 Liga Gr-C 1st"]
[Site "Playchess.com INT"]
[Date "2020.07.16"]
[Round "4.2"]
[White "Kepler, Ewgenij"]
[Black "Birken, Michael"]
[Result "1-0"]
[WhiteElo "1870"]
[BlackElo "1901"]
[PlyCount "103"]
[EventDate "2020.06.22"]
[EventType "team-tourn (rapid)"]
[EventCountry "GER"]
[SourceTitle "EXT 2021"]
[Source "ChessBase"]
[SourceDate "2020.10.23"]
[SourceVersion "1"]
[SourceVersionDate "2020.10.23"]
[SourceQuality "1"]
[WhiteTeam "Segeberg SF"]
[BlackTeam "Gerolzhofen"]
[WhiteTeamCountry "GER"]
[BlackTeamCountry "GER"]

1. d4 d6 2. e4 g6 3. Nc3 Bg7 4. Be3 Nf6 5. f3 c6 6. Qd2 b5 7. a3 a6 8. 0-0-0 Qc7 9. h4 h5 10. Nge2 a5 11. e5 b4 12. exf6 bxc3 13. Nxc3 Bxf6 14. Be2 Be6 15. Ne4 Bg7 16. g4 Qc8 17. Ng5 hxg4 18. Nxe6 Qxe6 19. fxg4 Nd7 20. Rdf1 Nf6 21. Qc3 Kd7 22. Qd3 Nd5 23. Bd2 a4 24. Rf2 Rab8 25. Rhf1 Rxh4 26. c4 Nf6 27. Bd1 d5 28. Bb4 Bh6+ 29. Kb1 Ne4 30. cxd5 Qxd5 31. Re2 Rxg4 32. Rfe1 f5 33. Bxa4 Rg3 34. Qa6 Rxb4 35. axb4 Bd2 36. Qb7+ Kd6 37. Rd1 Rd3 38. Rg1 g5 39. Rh2 Nf6 40. Qc8 Rxd4 41. Rd1 Be3 42. Rxd4 Bxd4 43. Rc2 Qh1+ 44. Rc1 Qe4+ 45. Ka1 Ke5 46. Qc7+ Ke6 47. Bb3+ Nd5 48. Qxc6+ Ke5 49. Bxd5 Bxb2+ 50. Kxb2 Qxb4+ 51. Bb3 Qd2+ 52. Rc2 1-0

[Event "Regionalliga NW 9899"]
[Site "Bayern"]
[Date "1999.??.??"]
[Round "5.8"]
[White "Schmid, Michael2222"]
[Black "Birken, Michael"]
[Result "1/2-1/2"]
[WhiteElo "1640"]
[BlackElo "1973"]
[PlyCount "34"]
[EventDate "1998.??.??"]
[EventType "team-tourn"]
[EventRounds "9"]
[EventCountry "GER"]
[SourceTitle "EXT 2020"]
[Source "ChessBase"]
[SourceDate "2019.10.17"]
[SourceVersion "1"]
[SourceVersionDate "2019.10.17"]
[SourceQuality "1"]
[WhiteTeam "Klingenberg"]
[BlackTeam "Schweinfurt Fr"]
[WhiteTeamCountry "GER"]
[BlackTeamCountry "GER"]

1. d4 Nf6 2. c4 g6 3. Nc3 Bg7 4. e4 d6 5. f3 0-0 6. Be3 Nbd7 7. Nge2 c6 8. Qd2 e5 9. d5 Nb6 10. b3 c5 11. Bg5 a5 12. a4 Bd7 13. g4 h6 14. Be3 Ne8 15. h4 Kh7 16. Ng3 Nc8 17. h5 g5 1/2-1/2

[Event "Regionalliga NW 9697"]
[Site "Bayern"]
[Date "1996.??.??"]
[Round "?"]
[White "Becker, Alexander1111"]
[Black "Birken, Michael"]
[Result "1/2-1/2"]
[WhiteElo "1925"]
[BlackElo "2035"]
[PlyCount "91"]
[EventDate "1996.10.??"]
[EventType "team-tourn"]
[EventRounds "9"]
[EventCountry "GER"]
[SourceTitle "EXT 1999"]
[Source "ChessBase"]
[SourceDate "1998.11.16"]
[SourceVersion "1"]
[SourceVersionDate "1998.11.16"]
[SourceQuality "1"]
[WhiteTeam "Kronach"]
[BlackTeam "Schweinfurt Fr"]
[WhiteTeamCountry "GER"]
[BlackTeamCountry "GER"]

1. d4 Nf6 2. c4 g6 3. f3 Bg7 4. e4 d6 5. Nc3 0-0 6. Be3 Nbd7 7. Nh3 c6 8. Be2 e5 9. d5 Nb6 10. Nf2 Nh5 11. Qd2 cxd5 12. cxd5 f5 13. exf5 gxf5 14. Bg5 Bf6 15. Bxf6 Qxf6 16. 0-0-0 Nf4 17. Bf1 Bd7 18. g3 Ng6 19. Kb1 Rac8 20. h4 Nc4 21. Bxc4 Rxc4 22. h5 Ne7 23. g4 Rd4 24. Qe3 Rxd1+ 25. Rxd1 fxg4 26. Nfe4 Qf4 27. Qxf4 Rxf4 28. fxg4 Bxg4 29. Rg1 Kf8 30. Nxd6 e4 31. Nxb7 e3 32. d6 Nc6 33. Nd5 Bf5+ 34. Kc1 Rc4+ 35. Nc3 e2 36. Kd2 Nd4 37. Ke3 e1Q+ 38. Rxe1 Nc2+ 39. Kd2 Nxe1 40. Kxe1 Ke8 41. Nd5 Kd7 42. Nf6+ Ke6 43. d7 Rd4 44. d8Q Rxd8 45. Nxd8+ Kxf6 46. Nc6 1/2-1/2